| 000 | 00999cam a22003018i 4500 | ||
|---|---|---|---|
| 001 | 17900066 | ||
| 003 | ARRUPE | ||
| 005 | 20140403020007.0 | ||
| 008 | 130926s2013 mdu b 001 0 eng | ||
| 010 | _a 2013037339 | ||
| 020 | _a9780739185032 (cloth) | ||
| 020 | _z9780739185049 (electronic) | ||
| 040 |
_aDLC _beng _cDLC _erda |
||
| 042 | _apcc | ||
| 043 | _af------ | ||
| 050 | 0 | 0 |
_aBJ980 _b.O58 2013 |
| 082 | 0 | 0 |
_a170/.42096 _223 |
| 245 | 0 | 0 |
_aOntologized ethics : _bnew essays in African meta-ethics / _cedited by Elvis Imafidon and John Ayotunde Isola Bewaji. |
| 263 | _a1111 | ||
| 300 | _apages cm | ||
| 504 | _aIncludes bibliographical references and index. | ||
| 650 | 0 |
_aMetaethics. _99258 |
|
| 650 | 0 |
_aEthics _zAfrica. _99259 |
|
| 700 | 1 |
_aImafidon, Elvis, _d1984- _eeditor of compilation. _99260 |
|
| 906 |
_a0 _bvip _corignew _d1 _eecip _f20 _gy-gencatlg |
||
| 942 |
_2lcc _cMONOGRAPH _01 |
||
| 999 |
_c120251 _d120251 |
||